| 000 | 00339cam a22001217a 4500 | ||
|---|---|---|---|
| 008 | 180718b1972 xxu||||| |||| 00| 0 eng d | ||
| 082 | _aN1x54 Su16 | ||
| 100 | _aSubrahmanyam, K. | ||
| 245 |
_aPerspectives in defence planning _cby K. Subrahmanyam |
||
| 260 |
_aDelhi _bAbhinav _c1972 |
||
| 300 | _a202p. | ||
| 650 | _aDefense, National - India | ||
| 999 |
_c355084 _d355084 |
||